000
00328nam a22001337a 4500
008
170606b xxu||||| |||| 00| 0 eng d
020
_a
0252060547
041
_a
eng
080
_a
94
100
_a
18
101
_a
SHH
245
_a
HISTORICAL AND CONTEMPORARY PERSPECTIVES PAID LABOR AT HOME
_c
BORIS.E
942
_2
udc
_c
BK
999
_c
16006
_d
16006